| 000 | 01812cam a22004574i 4500 | ||
|---|---|---|---|
| 003 | PE-LiUPU | ||
| 005 | 20250731173334.0 | ||
| 008 | 150625s r 000 0 d | ||
| 020 | _a8470572652 | ||
| 035 | _a(Sirsi) i9788470572654 | ||
| 040 |
_aPE-LiUPU _bspa _cPE-LiUPU _erda |
||
| 049 | _aPRUA | ||
| 082 | 0 | 4 |
_a220.63 _bD36 _221 |
| 100 | 1 |
_aGrupo de Entrevernes, _eautor. |
|
| 245 | 1 | 0 | _aSignos y Parabolas. |
| 264 | 1 |
_aMadrid : _bCristiandad, _c1979. |
|
| 300 |
_a253 páginas ; _c21 centímetros |
||
| 336 |
_atext _2rdacontent |
||
| 337 |
_aunmediated _2rdamedia |
||
| 338 |
_avolume _2rdacarrier |
||
| 505 | 0 | _a"Anda y haz tu otro tanto". -"No habían comprendido el asunto de los panes". -"Había que celebrar fiesta". -Pescar/predicar. -Milagros y parábolas en el relato evangelico. -Hacia una nueva forma de tratar el contexto evangelico. | |
| 526 | _aSEG42 | ||
| 526 | _aSEG41 | ||
| 526 | _aSEG40 | ||
| 526 | _aSEG39 | ||
| 526 | _aP94 | ||
| 526 | _aP87 | ||
| 526 | _aP86 | ||
| 526 | _aP85 | ||
| 526 | _aP77 | ||
| 526 | _aP76 | ||
| 526 | _aP35 | ||
| 942 |
_2ddc _cBOOK |
||
| 949 |
_a220.63 D36 _wDEWEY _c1 _i37272 _lCCODEBUL1 _mBUL _r0 _sY _tBOOK _u2015-6-25 _xTEOLOGIA _zUNKNOWN _0COMPRA _o.STAFF. Colección General |
||
| 949 |
_a261.8 G18 _wDEWEY _c1 _i21966 _lCCODEBUL1 _mBUL _r0 _sY _tBOOK _u2015-6-16 _xTEOLOGIA _zUNKNOWN _0COMPRA _o.STAFF. Colección General |
||
| 994 |
_aC0 _bPEPRU |
||
| 596 | _a1 | ||
| 999 |
_a261.8 G18 _wDEWEY _c48771 _i21966 _f2021-11-12 _g5 _lCCODEBUL1 _mBUL _r0 _sY _tBOOK _u2015-6-16 _xTEOLOGIA _zUNKNOWN _0COMPRA _o.STAFF. Colección General _d48771 |
||
| 999 |
_a220.63 D36 _wDEWEY _c1 _i37272 _d2018-5-7 _f2021-11-9 _g5 _lCCODEBUL1 _mBUL _q1 _r0 _sY _tBOOK _u2015-6-25 _xTEOLOGIA _zUNKNOWN _0COMPRA _o.STAFF. Colección General |
||
| 980 |
_81 _gALBERTO SANCHEZ Responsable de Automatización |
||